000 00448 a2200169 4500
003 OSt
005 20230929135957.0
008 230929b |||||||| |||| 00| 0 eng d
020 _a9789388005142
040 _coclc
082 _a516
_bVEE/A
100 1 _aVeerarajan, T.
_99635
245 _aANALYTICAL GEOMETRY /
_bT Veerarajan
260 _bYesdee,
_c2020.
300 _a190 p
942 _2ddc
_cBK
_h516
_iVEE/T
_k516
_mVEE/T
999 _c42379
_d42379